000 00316nam a2200133Ia 4500
008 150301s2015 xx 000 0 und d
082 _a661.8
_bP10D
100 _aDHARUMAN, J
245 _aPHARMACEUTICAL ORGANIC CHEMISTRY
260 _bAITBS DELHI
300 _a265
650 _aPHARMACEUTICS
942 _2ddc
_cBK
_03
999 _c7287
_d7287